History Quiz

Random History or Letter Quiz

'C' English History Quiz Stats

Quiz Updated Feb 7, 2016

Challenge
Share
Tweet
Embed
Score 0/20 Timer 05:00
4 Plays Today
Question Answer % Correct
Who was the king of England executed on 30 January 1649? Charles I
91.3%
Which poet (c. 1343-1400) was the author of 'The Canterbury Tales'?Geoffrey Chaucer
80%
Which Prime Minister was present at the battles of Omdurman and Spion Kop and served in the trenches in WWI?Winston Churchill
78.4%
Which explorer born in 1728 made three voyages to the Pacific and was killed in Hawaii in 1779?James Cook
75%
Which city in France was an English possession 1347-1558Calais
57.7%
Which of Henry VIII's wives was executed for treason for committing adultery in 1542?Catherine Howard
57.2%
Who was Henry VIII's Chief Minister from 1532 until his execution in 1540?Thomas Cromwell
54%
Horatio Nelson defeated a Danish-Norwegian fleet anchored just off which European city in 1801?Copenhagen
53.8%
Which Dane was King of England from 1016-35?Canute the Great
46.9%
Who was the archaeologist who discovered the tomb of Tutankhamun in 1922?Howard Carter
44.2%
Question Answer % Correct
The king's supporters during the English Civil War were known as Royalists and by what other name?Cavaliers
40.9%
Which General surrendered at Yorktown in 1781, effectively ending the American Revolution?Charles Cornwallis
37.6%
Which battle did Edward III win in France in 1346 during the Hundred Years' War?Crécy
31.4%
Who was the artist (1776-1847) whose paintings include 'Dedham Vale' and 'The Hay Wain'? John Constable
31.1%
At which battle of 1746 was the Young Pretender 'Bonnie Prince Charlie' defeated by George II's son the Duke of Cumberland?Culloden
24.4%
Who became the first Protestant Archbishop of Canterbury in 1532 and was burned at the stake in 1556?Thomas Cranmer
23.1%
When George IV first met his future wife, he called for a glass of brandy in dismay--who was she?Caroline of Brunswick
19.1%
Which saint (c. 634-687) is regarded as the patron saint of northern England?St. Cuthbert
14%
Who won the Battle of Plassey in 1757 which established the East Indian Company's control over Bengal in India?Robert Clive
13.3%
The English were defeated near Bordeaux in 1453 in which last battle of the Hundred Years' War?Castillon
3.2%

You're not logged in!

Compare scores with friends on all Sporcle quizzes.
Join for Free
OR
Log In

You Might Also Like...

Show Comments

Extras

Top Quizzes Today


Score Distribution

Your Account Isn't Verified!

In order to create a playlist on Sporcle, you need to verify the email address you used during registration. Go to your Sporcle Settings to finish the process.

Report this User

Report this user for behavior that violates our Community Guidelines.

Details: